Digitalizace klimatologických dat ze stanic na severní Moravě a ve Slezsku /

Hlavní autor: Lipina, Pavel, 1972-
Další autoři: Řepka, Miroslav
Jazyk: Čeština
Vydáno: Praha : Český hydrometeorologický ústav, 2010
Vydání: 1. vyd.
Edice: Práce a studie, seš. 34
Témata:
Fyzický popis: 131 s. : il. (převážně barev.), mapy, faksim. ; 30 cm
Language note: Souběžný anglický obsah, anglické resumé
Knihy
Uloženo v:
LEADER 02158nam a2200565 a 4500
001 nkc20112189033
003 CZ PrNK
005 20110804083701.0
007 ta
008 110505s2010 xr abh e 000 0 cze
015 |a cnb002189033 
020 |a 978-80-86690-86-5  |q (brož.) 
035 |a (OCoLC)730409975 
040 |a BOA001  |b cze  |d ABA001 
041 0 |a cze  |b eng 
043 |a e-xr---  |b e-xr-mr  |b e-xr-sl  |2 czenas 
072 7 |a 551  |x Geologie. Meteorologie. Klimatologie  |2 Konspekt  |9 7 
080 |a 551.501.9  |2 MRF 
080 |a 551.506  |2 MRF 
080 |a 002.2:004  |2 MRF 
080 |a (437.32-17)  |2 MRF 
080 |a (437.33)  |2 MRF 
080 |a (048.8)  |2 MRF 
100 1 |a Lipina, Pavel,  |d 1972-  |7 mzk2004258669  |4 aut 
245 1 0 |a Digitalizace klimatologických dat ze stanic na severní Moravě a ve Slezsku /  |c Pavel Lipina, Miroslav Řepka 
250 |a 1. vyd. 
260 |a Praha :  |b Český hydrometeorologický ústav,  |c 2010 
300 |a 131 s. :  |b il. (převážně barev.), mapy, faksim. ;  |c 30 cm 
490 1 |a Práce a studie,  |x 1210-7557 ;  |v seš. 34 
504 |a Obsahuje bibliografii 
546 |a Souběžný anglický obsah, anglické resumé 
650 0 7 |a meteorologické stanice  |7 ph115268  |z Česko  |2 czenas 
650 0 7 |a meteorologická pozorování  |7 ph122777  |z Česko  |2 czenas 
650 0 7 |a digitalizace dokumentů  |7 ph135871  |z Česko  |2 czenas 
650 0 9 |a meteorological stations  |z Czechia  |2 eczenas 
650 0 9 |a meteorological observations  |z Czechia  |2 eczenas 
650 0 9 |a digitization of documents  |z Czechia  |2 eczenas 
651 7 |a Morava severní (Česko)  |7 ge130074  |2 czenas 
651 7 |a Slezsko (Česko)  |7 ge138041  |2 czenas 
651 9 |a Moravia, Northern (Czechia)  |2 eczenas 
651 9 |a Silesia (Czechia)  |2 eczenas 
655 7 |a studie  |7 fd133597  |2 czenas 
655 9 |a studies  |2 eczenas 
700 1 |a Řepka, Miroslav  |7 mzk2006331699  |4 aut 
810 2 |a Český hydrometeorologický ústav.  |t Práce a studie  |0 s 
910 2 |a BOA001  |b 4-1267.072 
990 |a BK 
995 |a 01 
991 |b 201106  |c NOV  |e n 
996 6 |b 2610479190  |c 4-1267.072  |l MZK  |r Sklad / do 1 hodiny  |n 3  |p p.v.  |w 001181799  |u 000010  |a 1  |e BOA001  |j MZK50  |s P